<?xml version="1.0" encoding="UTF-8"?>
<record
    xmlns:xsi="http://www.w3.org/2001/XMLSchema-instance"
    xsi:schemaLocation="http://www.loc.gov/MARC21/slim http://www.loc.gov/standards/marcxml/schema/MARC21slim.xsd"
    xmlns="http://www.loc.gov/MARC21/slim">

  <leader>01073cam a2200289Ma 4500</leader>
  <controlfield tag="001">754767391</controlfield>
  <controlfield tag="003">OSt</controlfield>
  <controlfield tag="005">20161217094530.0</controlfield>
  <controlfield tag="006">m    eq  h        </controlfield>
  <controlfield tag="008">110314t20112016nyua     b    001 0 eng d</controlfield>
  <datafield tag="020" ind1=" " ind2=" ">
    <subfield code="a">9780521701983</subfield>
  </datafield>
  <datafield tag="040" ind1=" " ind2=" ">
    <subfield code="a">CNNOR</subfield>
    <subfield code="b">eng</subfield>
    <subfield code="c">CNNOR</subfield>
    <subfield code="d">SIN</subfield>
  </datafield>
  <datafield tag="082" ind1="0" ind2="4">
    <subfield code="a">428.24</subfield>
    <subfield code="2">22</subfield>
    <subfield code="b">CMR</subfield>
  </datafield>
  <datafield tag="100" ind1=" " ind2=" ">
    <subfield code="a">Craven, ,iles</subfield>
    <subfield code="9">57284</subfield>
  </datafield>
  <datafield tag="245" ind1="1" ind2="0">
    <subfield code="a">Real 1.</subfield>
    <subfield code="n">Listening and Speaking /</subfield>
    <subfield code="c">Miles Craven.</subfield>
  </datafield>
  <datafield tag="260" ind1=" " ind2=" ">
    <subfield code="a">White Plains, NY :</subfield>
    <subfield code="b">Cambridge</subfield>
    <subfield code="c">2016</subfield>
  </datafield>
  <datafield tag="300" ind1=" " ind2=" ">
    <subfield code="a">xx, 252 pages :</subfield>
    <subfield code="b">color illustrations ;</subfield>
    <subfield code="c">26 cm +</subfield>
    <subfield code="e">1 computer disc (4 3/4 in.)</subfield>
  </datafield>
  <datafield tag="500" ind1=" " ind2=" ">
    <subfield code="a">Accompanying CD contains MP3 audio files</subfield>
  </datafield>
  <datafield tag="504" ind1=" " ind2=" ">
    <subfield code="a">Includes bibliographical references and index</subfield>
  </datafield>
  <datafield tag="650" ind1=" " ind2="0">
    <subfield code="a">English language</subfield>
    <subfield code="v">Textbooks for foreign speakers</subfield>
    <subfield code="9">56877</subfield>
  </datafield>
  <datafield tag="650" ind1=" " ind2="0">
    <subfield code="a">English language</subfield>
    <subfield code="x">Study and teaching</subfield>
    <subfield code="x">Foreign speakers</subfield>
    <subfield code="9">56878</subfield>
  </datafield>
  <datafield tag="650" ind1=" " ind2="0">
    <subfield code="a">Reading comprehension</subfield>
    <subfield code="9">56879</subfield>
  </datafield>
  <datafield tag="650" ind1=" " ind2="0">
    <subfield code="a">Vocabulary</subfield>
    <subfield code="v">Problems, exercises, etc</subfield>
    <subfield code="9">56880</subfield>
  </datafield>
  <datafield tag="650" ind1=" " ind2="0">
    <subfield code="a">English language</subfield>
    <subfield code="v">Sound recordings for foreign speakers</subfield>
    <subfield code="9">10919</subfield>
  </datafield>
  <datafield tag="700" ind1="1" ind2=" ">
    <subfield code="a">Nation, I. S. P</subfield>
    <subfield code="9">35534</subfield>
  </datafield>
  <datafield tag="942" ind1=" " ind2=" ">
    <subfield code="2">ddc</subfield>
    <subfield code="c">BOOK</subfield>
  </datafield>
  <datafield tag="999" ind1=" " ind2=" ">
    <subfield code="c">40003</subfield>
    <subfield code="d">274503</subfield>
  </datafield>
  <datafield tag="952" ind1=" " ind2=" ">
    <subfield code="1">0</subfield>
    <subfield code="2">2016-12-17</subfield>
    <subfield code="4">0</subfield>
    <subfield code="7">0</subfield>
    <subfield code="a">428.24 CMR</subfield>
    <subfield code="d">2016-12-17</subfield>
    <subfield code="h">CL</subfield>
    <subfield code="i">00655030</subfield>
    <subfield code="m">CL</subfield>
    <subfield code="r">2016-12-17 00:00:00</subfield>
    <subfield code="t">BOOK</subfield>
    <subfield code="w">ddc</subfield>
    <subfield code="y">0</subfield>
  </datafield>
  <datafield tag="952" ind1=" " ind2=" ">
    <subfield code="1">0</subfield>
    <subfield code="2">2016-12-17</subfield>
    <subfield code="4">0</subfield>
    <subfield code="7">0</subfield>
    <subfield code="a">428.24 CMR</subfield>
    <subfield code="d">2016-12-17</subfield>
    <subfield code="h">SRF</subfield>
    <subfield code="i">00655031</subfield>
    <subfield code="m">SRF</subfield>
    <subfield code="r">2016-12-17 00:00:00</subfield>
    <subfield code="t">BOOK</subfield>
    <subfield code="w">ddc</subfield>
    <subfield code="y">0</subfield>
  </datafield>
  <datafield tag="952" ind1=" " ind2=" ">
    <subfield code="1">0</subfield>
    <subfield code="2">2016-12-17</subfield>
    <subfield code="4">0</subfield>
    <subfield code="7">0</subfield>
    <subfield code="a">428.24 CMR</subfield>
    <subfield code="d">2016-12-17</subfield>
    <subfield code="h">CL</subfield>
    <subfield code="i">00655032</subfield>
    <subfield code="m">CL</subfield>
    <subfield code="r">2016-12-17 00:00:00</subfield>
    <subfield code="t">BOOK</subfield>
    <subfield code="w">ddc</subfield>
    <subfield code="y">0</subfield>
  </datafield>
  <datafield tag="952" ind1=" " ind2=" ">
    <subfield code="1">0</subfield>
    <subfield code="2">2016-12-17</subfield>
    <subfield code="4">0</subfield>
    <subfield code="7">0</subfield>
    <subfield code="a">428.24 CMR</subfield>
    <subfield code="d">2016-12-17</subfield>
    <subfield code="h">SHM</subfield>
    <subfield code="i">00655627</subfield>
    <subfield code="m">SHM</subfield>
    <subfield code="r">2016-12-17 00:00:00</subfield>
    <subfield code="t">BOOK</subfield>
    <subfield code="w">ddc</subfield>
    <subfield code="y">0</subfield>
  </datafield>
  <datafield tag="952" ind1=" " ind2=" ">
    <subfield code="1">0</subfield>
    <subfield code="2">2016-12-17</subfield>
    <subfield code="4">0</subfield>
    <subfield code="7">0</subfield>
    <subfield code="a">428.24 CMR</subfield>
    <subfield code="d">2016-12-17</subfield>
    <subfield code="h">SHM</subfield>
    <subfield code="i">00655628</subfield>
    <subfield code="m">SHM</subfield>
    <subfield code="r">2016-12-17 00:00:00</subfield>
    <subfield code="t">BOOK</subfield>
    <subfield code="w">ddc</subfield>
    <subfield code="y">0</subfield>
  </datafield>
  <datafield tag="952" ind1=" " ind2=" ">
    <subfield code="1">0</subfield>
    <subfield code="2">2016-12-21</subfield>
    <subfield code="4">0</subfield>
    <subfield code="7">0</subfield>
    <subfield code="a">428.24 CMR</subfield>
    <subfield code="d">2016-12-21</subfield>
    <subfield code="h">IC</subfield>
    <subfield code="i">00655760</subfield>
    <subfield code="m">IC</subfield>
    <subfield code="r">2016-12-21 00:00:00</subfield>
    <subfield code="t">BOOK</subfield>
    <subfield code="w">ddc</subfield>
    <subfield code="y">0</subfield>
  </datafield>
  <datafield tag="952" ind1=" " ind2=" ">
    <subfield code="1">0</subfield>
    <subfield code="2">2016-12-21</subfield>
    <subfield code="4">0</subfield>
    <subfield code="7">0</subfield>
    <subfield code="a">428.24 CMR</subfield>
    <subfield code="d">2016-12-21</subfield>
    <subfield code="h">IC</subfield>
    <subfield code="i">00655761</subfield>
    <subfield code="m">IC</subfield>
    <subfield code="r">2016-12-21 00:00:00</subfield>
    <subfield code="t">BOOK</subfield>
    <subfield code="w">ddc</subfield>
    <subfield code="y">0</subfield>
  </datafield>
  <datafield tag="952" ind1=" " ind2=" ">
    <subfield code="1">0</subfield>
    <subfield code="2">2016-12-21</subfield>
    <subfield code="4">0</subfield>
    <subfield code="7">0</subfield>
    <subfield code="a">428.24 CMR</subfield>
    <subfield code="d">2016-12-21</subfield>
    <subfield code="h">SGF</subfield>
    <subfield code="i">00655762</subfield>
    <subfield code="m">SGF</subfield>
    <subfield code="r">2016-12-21 00:00:00</subfield>
    <subfield code="t">BOOK</subfield>
    <subfield code="w">ddc</subfield>
    <subfield code="y">0</subfield>
  </datafield>
  <datafield tag="952" ind1=" " ind2=" ">
    <subfield code="1">0</subfield>
    <subfield code="2">2016-12-21</subfield>
    <subfield code="4">0</subfield>
    <subfield code="7">0</subfield>
    <subfield code="a">428.24 CMR</subfield>
    <subfield code="d">2016-12-21</subfield>
    <subfield code="h">CL</subfield>
    <subfield code="i">00655763</subfield>
    <subfield code="m">SGF</subfield>
    <subfield code="q">2020-02-19</subfield>
    <subfield code="r">2021-09-14 00:00:00</subfield>
    <subfield code="t">BOOK</subfield>
    <subfield code="w">ddc</subfield>
    <subfield code="y">1</subfield>
  </datafield>
</record>
